[Event "IECG WC.2008.P.00015 email"]
[Site "IECG email"]
[Date "2004.03.05"]
[Round "?"]
[White "Jakobsons, Andris"]
[Black "Bopp, Thomas"]
[Result "1-0"]
[WhiteElo "2199"]
[BlackElo "2165"]
[PlyCount "83"]
[EventDate "2004.03.05"]
[EventType "tourn (corr)"]
[EventRounds "6"]
[SourceTitle "Corr 2008"]
[Source "ChessBase"]
[SourceDate "2008.06.24"]
[SourceVersion "1"]
[SourceVersionDate "2008.06.24"]
[SourceQuality "1"]

1. e4 e5 2. Nf3 Nc6 3. Bb5 a6 4. Ba4 Nf6 5. 0-0 Be7 6. Re1 b5 7. Bb3 d6 8. c3 0-0 9. h3 Na5 10. Bc2 c5 11. d4 Qc7 12. Nbd2 Bd7 13. Nf1 Nc4 14. b3 Nb6 15. Ne3 Rfe8 16. dxe5 dxe5 17. c4 Bd6 18. a4 bxa4 19. bxa4 Nc8 20. Nd5 Nxd5 21. exd5 h6 22. g4 Ne7 23. g5 Nf5 24. gxh6 Nxh6 25. Bxh6 gxh6 26. Nd2 Re7 27. Qh5 Rf8 28. Kh1 f5 29. Rg1+ Kh8 30. Rg6 Rh7 31. Rag1 Be8 32. Bxf5 Bxg6 33. Bxg6 Rg8 34. Ne4 Qe7 35. Rg4 Qf8 36. Bxh7 Rxg4 37. Qxg4 Kxh7 38. Qd7+ Kg8 39. Qe6+ Qf7 40. Qxf7+ Kxf7 41. Nxd6+ Ke7 42. Ne4 1-0

[Event "IECG WC.2008.P.00015 email"]
[Site "IECG email"]
[Date "2004.03.05"]
[Round "?"]
[White "Jakobsons, Andris"]
[Black "Grkinic, Goran"]
[Result "1-0"]
[WhiteElo "2199"]
[BlackElo "1973"]
[PlyCount "59"]
[EventDate "2004.03.05"]
[EventType "tourn (corr)"]
[EventRounds "6"]
[SourceTitle "Corr 2008"]
[Source "ChessBase"]
[SourceDate "2008.06.24"]
[SourceVersion "1"]
[SourceVersionDate "2008.06.24"]
[SourceQuality "1"]

1. e4 c5 2. Nf3 d6 3. d4 cxd4 4. Nxd4 Nf6 5. Nc3 a6 6. Be2 e5 7. Nb3 Be7 8. 0-0 Be6 9. f4 Qc7 10. f5 Bc4 11. Bxc4 Qxc4 12. Be3 Nbd7 13. Qf3 0-0 14. a4 b6 15. Nd2 Qb4 16. Nd1 b5 17. axb5 Qxb5 18. Ra2 Rfc8 19. c4 Qb7 20. Nc3 Nc5 21. g4 h6 22. h4 Nh7 23. Qg3 Nb3 24. Nxb3 Qxb3 25. g5 hxg5 26. hxg5 Rxc4 27. Qg2 g6 28. Ra3 Rxc3 29. Rxb3 Rxb3 30. fxg6 1-0

[Event "IECG WC.2004.T.00003 email"]
[Site "IECG email"]
[Date "2003.08.15"]
[Round "?"]
[White "Jakobsons, Andris"]
[Black "Claridge, John Bleddyn"]
[Result "1/2-1/2"]
[WhiteElo "2184"]
[BlackElo "2381"]
[PlyCount "86"]
[EventDate "2003.08.15"]
[EventType "tourn (corr)"]
[EventRounds "8"]
[SourceTitle "Corr 2008"]
[Source "ChessBase"]
[SourceDate "2008.06.24"]
[SourceVersion "1"]
[SourceVersionDate "2008.06.24"]
[SourceQuality "1"]

1. e4 c5 2. Nf3 d6 3. d4 cxd4 4. Nxd4 Nf6 5. Nc3 a6 6. Bg5 e6 7. f4 Qb6 8. Nb3 Nbd7 9. Qf3 Be7 10. 0-0-0 Qc7 11. Bd3 h6 12. Bh4 g5 13. Bg3 gxf4 14. Bxf4 Ne5 15. Bxe5 dxe5 16. g4 Bd7 17. h4 0-0-0 18. g5 hxg5 19. hxg5 Rxh1 20. Rxh1 Ne8 21. Qg3 Nd6 22. Kb1 Rg8 23. Qxe5 Nb5 24. Qxc7+ Nxc7 25. Nd2 Rxg5 26. a3 Kd8 27. Ne2 f6 28. b4 a5 29. c3 axb4 30. axb4 Ne8 31. Nc4 Kc7 32. Rh7 Rg7 33. Rxg7 Nxg7 34. Kc2 Ne8 35. Ne3 Nd6 36. Nd4 Bf8 37. Ng4 Bg7 38. Ne3 Kd8 39. Nc4 Ke7 40. Nxd6 Kxd6 41. Bb5 Bc8 42. Kd3 b6 43. Be8 Bb7 1/2-1/2

[Event "IECG WC.2004.T.00003 email"]
[Site "IECG email"]
[Date "2003.08.15"]
[Round "?"]
[White "Peek, Marcel"]
[Black "Jakobsons, Andris"]
[Result "1/2-1/2"]
[WhiteElo "2465"]
[BlackElo "2184"]
[PlyCount "146"]
[EventDate "2003.08.15"]
[EventType "tourn (corr)"]
[EventRounds "8"]
[SourceTitle "Corr 2008"]
[Source "ChessBase"]
[SourceDate "2008.06.24"]
[SourceVersion "1"]
[SourceVersionDate "2008.06.24"]
[SourceQuality "1"]

1. Nf3 Nf6 2. c4 e6 3. Nc3 d5 4. d4 Be7 5. Bg5 h6 6. Bh4 0-0 7. e3 b6 8. Be2 Bb7 9. Bxf6 Bxf6 10. cxd5 exd5 11. 0-0 c6 12. b4 a5 13. b5 c5 14. Ne5 cxd4 15. exd4 Qc7 16. Rc1 Bxe5 17. dxe5 Qxe5 18. Re1 Rd8 19. Bf3 Qg5 20. g3 Nd7 21. h4 Qf6 22. Nxd5 Bxd5 23. Bxd5 Ne5 24. Bxa8 Rxd1 25. Rcxd1 g5 26. hxg5 hxg5 27. Kg2 Kg7 28. a4 Ng4 29. Re2 Ne5 30. Rd4 g4 31. Re1 Qf5 32. Rf4 Qe6 33. Rd1 f5 34. Bb7 Kg6 35. Re1 Qd6 36. Rxe5 Qxe5 37. Bc8 Qd5+ 38. Kh2 Qd1 39. Bxf5+ Kg5 40. Bxg4 Qf1 41. Bf5 Qd1 42. Kg2 Qb3 43. Bg4 Qd3 44. Bf3 Qd2 45. Rg4+ Kf6 46. Rc4 Kf5 47. Rc6 Qd4 48. Rh6 Kg5 49. Rh5+ Kf6 50. Rd5 Qb4 51. Rd7 Ke6 52. Rh7 Qd2 53. Rh4 Kf6 54. Rc4 Kf5 55. Kf1 Qd3+ 56. Be2 Qb1+ 57. Kg2 Qa2 58. Bd3+ Kg5 59. Kf3 Qa3 60. Ke3 Qe7+ 61. Kd2 Qf6 62. Rf4 Qb2+ 63. Bc2 Qa1 64. f3 Qg1 65. Bd1 Kh5 66. Rh4+ Kg6 67. Rc4 Kf6 68. Rf4+ Ke6 69. Re4+ Kf6 70. g4 Qc5 71. Be2 Qd6+ 72. Kc2 Qc5+ 73. Rc4 Qe5 1/2-1/2

[Event "IECG WC.2006.P.00012 email"]
[Site "IECG email"]
[Date "2003.01.22"]
[Round "?"]
[White "Jakobsons, Andris"]
[Black "Meijer, Kees"]
[Result "1-0"]
[WhiteElo "2172"]
[BlackElo "1687"]
[PlyCount "95"]
[EventDate "2003.01.22"]
[EventType "tourn (corr)"]
[EventRounds "10"]
[SourceTitle "Corr 2008"]
[Source "ChessBase"]
[SourceDate "2008.06.24"]
[SourceVersion "1"]
[SourceVersionDate "2008.06.24"]
[SourceQuality "1"]

1. e4 e5 2. Nf3 Nc6 3. Bb5 a6 4. Ba4 Nf6 5. 0-0 Nxe4 6. d4 b5 7. Bb3 d5 8. dxe5 Be6 9. c3 Bc5 10. Nbd2 0-0 11. Bc2 f5 12. Nb3 Bb6 13. Nfd4 Nxd4 14. Nxd4 Bxd4 15. Qxd4 c5 16. Qd1 h6 17. f3 Ng5 18. Be3 Rc8 19. Bf2 Qe8 20. b4 cxb4 21. cxb4 Qg6 22. Bc5 Rfd8 23. Qd4 Bf7 24. g4 Be6 25. Kh1 h5 26. h4 Ne4 27. fxe4 Qxg4 28. Rf2 Qh3+ 29. Rh2 Qf3+ 30. Rg2 Qh3+ 31. Kg1 fxe4 32. Rf1 Rd7 33. Bd1 Qxh4 34. Qe3 Rf7 35. Rxf7 Bxf7 36. Rh2 Qd8 37. Bxh5 Bxh5 38. Rxh5 Rc6 39. Qh3 Rh6 40. Qg4 Rxh5 41. Qxh5 e3 42. Qg4 Qc7 43. Qe6+ Qf7 44. Qxf7+ Kxf7 45. Bxe3 Ke6 46. Bf4 g5 47. Bg3 d4 48. Kf2 1-0

[Event "IECG WC.2006.P.00012 email"]
[Site "IECG email"]
[Date "2003.01.22"]
[Round "?"]
[White "Jakobsons, Andris"]
[Black "Rosso, Pier Andrea"]
[Result "1-0"]
[WhiteElo "2172"]
[BlackElo "2074"]
[PlyCount "93"]
[EventDate "2003.01.22"]
[EventType "tourn (corr)"]
[EventRounds "10"]
[SourceTitle "Corr 2008"]
[Source "ChessBase"]
[SourceDate "2008.06.24"]
[SourceVersion "1"]
[SourceVersionDate "2008.06.24"]
[SourceQuality "1"]

1. e4 c5 2. Nf3 d6 3. d4 cxd4 4. Nxd4 Nf6 5. Nc3 a6 6. Bg5 e6 7. f4 Qb6 8. Nb3 Nbd7 9. Qf3 Be7 10. 0-0-0 Qc7 11. Bd3 b5 12. a3 Rb8 13. Rhe1 b4 14. axb4 Rxb4 15. Kb1 Bb7 16. Qh3 e5 17. g3 h6 18. g4 Rg8 19. Rg1 hxg5 20. fxg5 Qc8 21. Qh4 g6 22. gxf6 g5 23. Qe1 Nxf6 24. h3 Rh8 25. Rg3 Qc6 26. Na5 Qb6 27. Nc4 Qc7 28. b3 Rh6 29. Ne3 Qc5 30. Nf5 Rg6 31. Na4 Qa5 32. Nb2 Qc5 33. Nc4 Kf8 34. Kb2 Ne8 35. Rf3 Bc8 36. Nce3 Be6 37. Qf1 Nf6 38. Bc4 Rxc4 39. Nxc4 Nxe4 40. Nxe7 Kxe7 41. Qd3 Nf2 42. Qxd6+ Qxd6 43. Rxd6 Rf6 44. Rxf6 Kxf6 45. Rxa6 Nxh3 46. b4 Ke7 47. Ra7+ 1-0

[Event "IECG WC.2006.P.00012 email"]
[Site "IECG email"]
[Date "2003.01.22"]
[Round "?"]
[White "Jakobsons, Andris"]
[Black "Starace, Umberto"]
[Result "1-0"]
[WhiteElo "2172"]
[BlackElo "1920"]
[PlyCount "81"]
[EventDate "2003.01.22"]
[EventType "tourn (corr)"]
[EventRounds "10"]
[SourceTitle "Corr 2008"]
[Source "ChessBase"]
[SourceDate "2008.06.24"]
[SourceVersion "1"]
[SourceVersionDate "2008.06.24"]
[SourceQuality "1"]

1. e4 c5 2. Nf3 Nc6 3. d4 cxd4 4. Nxd4 g6 5. Nc3 Bg7 6. Be3 Nf6 7. Bc4 d6 8. f3 0-0 9. Qd2 Bd7 10. 0-0-0 Rc8 11. Bb3 Ne5 12. h4 h5 13. Bh6 Bxh6 14. Qxh6 Rxc3 15. bxc3 Qa5 16. Kb1 b5 17. Ne2 Qa3 18. Nf4 Nc4 19. Nd3 Rc8 20. Qc1 Qa5 21. Bxc4 Rxc4 22. Qb2 Rxc3 23. Nf4 Rc8 24. Rd3 b4 25. Rc1 Qb6 26. c4 a5 27. Qd4 Rc5 28. Nd5 Nxd5 29. cxd5 Qb5 30. Rdd1 a4 31. Ka1 b3 32. Rxc5 dxc5 33. Qc3 Qe2 34. Qd2 Qb5 35. axb3 axb3 36. Kb2 c4 37. Qc3 Qc5 38. Qd4 Qc7 39. Ra1 f6 40. Kc3 Qg3 41. Rg1 1-0

[Event "IECG WC.2002.F.00004 email"]
[Site "IECG email"]
[Date "2002.12.15"]
[Round "?"]
[White "Costa, Paulo Cesar"]
[Black "Jakobsons, Andris"]
[Result "1/2-1/2"]
[WhiteElo "2169"]
[BlackElo "2172"]
[PlyCount "21"]
[EventDate "2002.12.15"]
[EventType "tourn (corr)"]
[EventRounds "10"]
[SourceTitle "Corr 2008"]
[Source "ChessBase"]
[SourceDate "2008.06.24"]
[SourceVersion "1"]
[SourceVersionDate "2008.06.24"]
[SourceQuality "1"]

1. d4 Nf6 2. Nf3 e6 3. c4 b6 4. g3 Ba6 5. Nbd2 Bb7 6. Bg2 Be7 7. 0-0 0-0 8. b3 d5 9. Bb2 Nbd7 10. Qc2 Rc8 11. Rfd1 1/2-1/2

[Event "IECG WC.2002.F.00004 email"]
[Site "IECG email"]
[Date "2002.12.15"]
[Round "?"]
[White "Jakobsons, Andris"]
[Black "Timar, Zsolt"]
[Result "1/2-1/2"]
[WhiteElo "2172"]
[BlackElo "2173"]
[PlyCount "58"]
[EventDate "2002.12.15"]
[EventType "tourn (corr)"]
[EventRounds "10"]
[SourceTitle "Corr 2008"]
[Source "ChessBase"]
[SourceDate "2008.06.24"]
[SourceVersion "1"]
[SourceVersionDate "2008.06.24"]
[SourceQuality "1"]

1. e4 c5 2. Nf3 d6 3. d4 cxd4 4. Nxd4 Nf6 5. Nc3 a6 6. Bc4 e6 7. Bb3 b5 8. 0-0 Be7 9. Qf3 Qc7 10. a3 0-0 11. Qg3 Kh8 12. f3 Nc6 13. Nxc6 Qxc6 14. Be3 a5 15. Ne2 a4 16. Nd4 Qc7 17. Ba2 Rb8 18. c3 e5 19. Nc2 Be6 20. Nb4 Bxa2 21. Rxa2 Rbd8 22. Rd1 d5 23. Nxd5 Nxd5 24. exd5 Qc4 25. Raa1 Rxd5 26. Rxd5 Qxd5 27. Qf2 Kg8 28. f4 exf4 29. Qxf4 Re8 1/2-1/2

[Event "IECG CA.2001.0.00020"]
[Site "IECG email"]
[Date "2001.10.03"]
[Round "1"]
[White "Jakobsons, Andris"]
[Black "Muller, Henri"]
[Result "1/2-1/2"]
[WhiteElo "2021"]
[BlackElo "2097"]
[PlyCount "66"]
[EventDate "2001.10.03"]
[EventType "tourn (corr)"]
[EventRounds "6"]
[SourceTitle "Corr 2024"]
[Source "ChessBase"]
[SourceDate "2023.10.19"]
[SourceVersion "1"]
[SourceVersionDate "2023.10.19"]
[SourceQuality "1"]

1. e4 c5 2. Nf3 d6 3. d4 cxd4 4. Nxd4 Nf6 5. Nc3 a6 6. Bg5 e6 7. f4 Qb6 8. Nb3 Be7 9. Qf3 Nbd7 10. 0-0-0 Qc7 11. Bd3 b5 12. a3 Bb7 13. Qh3 0-0-0 14. Rhe1 h6 15. Bxf6 Nxf6 16. f5 e5 17. Qg3 Rhg8 18. Kb1 Qb6 19. Re2 Kb8 20. a4 b4 21. a5 Qc7 22. Nd5 Nxd5 23. exd5 Ka8 24. Re4 Bxd5 25. Rxb4 Rb8 26. Rxb8+ Rxb8 27. Bxa6 Qc6 28. Bf1 Rc8 29. Na1 Bf6 30. Qd3 Be4 31. Qxd6 Bxc2+ 32. Nxc2 Qxc2+ 33. Ka2 Qa4+ 1/2-1/2

[Event "IECG WC.2003.S.00006 email"]
[Site "IECG email"]
[Date "2001.04.01"]
[Round "?"]
[White "Jakobsons, Andris"]
[Black "Schoonhoven, Jan Willem"]
[Result "1/2-1/2"]
[WhiteElo "1956"]
[BlackElo "2280"]
[PlyCount "80"]
[EventDate "2001.04.01"]
[EventType "tourn (corr)"]
[EventRounds "8"]
[SourceTitle "Corr 2008"]
[Source "ChessBase"]
[SourceDate "2008.06.24"]
[SourceVersion "1"]
[SourceVersionDate "2008.06.24"]
[SourceQuality "1"]

1. e4 c5 2. Nf3 d6 3. d4 cxd4 4. Nxd4 Nf6 5. Nc3 a6 6. Bg5 e6 7. f4 Qb6 8. a3 Nc6 9. Nb3 Be7 10. Qd2 h6 11. Bh4 Nxe4 12. Nxe4 Bxh4+ 13. g3 Be7 14. Nxd6+ Bxd6 15. Qxd6 Qe3+ 16. Be2 e5 17. Qd2 Qxd2+ 18. Kxd2 Be6 19. fxe5 0-0-0+ 20. Ke3 Bxb3 21. cxb3 Rhe8 22. Rhd1 Rxe5+ 23. Kf2 Rf5+ 24. Kg1 Rc5 25. Rdc1 Rxc1+ 26. Rxc1 Kc7 27. Rc2 Kb6 28. Bc4 Nd4 29. Rf2 f5 30. b4 Kc7 31. Bd3 g6 32. g4 Rd5 33. Kg2 Kd6 34. Bc4 Re5 35. Bf7 Re4 36. h3 fxg4 37. Bxg6 gxh3+ 38. Kxh3 Re1 39. Rf7 Ne6 40. Rf6 Ke5 1/2-1/2

[Event "IECG CM.2000.0.00113"]
[Site "IECG email"]
[Date "2000.??.??"]
[Round "?"]
[White "Jakobsons, Andris"]
[Black "Efendiyev, Enver Mikhailovich"]
[Result "1/2-1/2"]
[WhiteElo "1902"]
[BlackElo "2323"]
[PlyCount "42"]
[EventDate "2000.07.24"]
[EventType "tourn (corr)"]
[EventRounds "6"]
[SourceTitle "Corr 2008"]
[Source "ChessBase"]
[SourceDate "2008.06.24"]
[SourceVersion "1"]
[SourceVersionDate "2008.06.24"]
[SourceQuality "1"]

1. e4 e5 2. Nf3 Nc6 3. Bb5 a6 4. Bxc6 dxc6 5. 0-0 Bg4 6. h3 h5 7. d3 Qf6 8. Nbd2 b5 9. Re1 Bc5 10. c3 Rd8 11. Qc2 Ne7 12. d4 Bxf3 13. Nxf3 exd4 14. Rd1 d3 15. Rxd3 Rxd3 16. Qxd3 Qd6 17. Qe2 0-0 18. a4 Re8 19. axb5 cxb5 20. Be3 Bxe3 21. Qxe3 Ng6 1/2-1/2

[Event "IECG WC.2003.P.00009 email"]
[Site "IECG email"]
[Date "2000.??.??"]
[Round "?"]
[White "Jakobsons, Andris"]
[Black "Von Wersch, Oliver"]
[Result "1-0"]
[WhiteElo "1500"]
[BlackElo "2065"]
[PlyCount "47"]
[EventDate "2000.01.26"]
[EventType "tourn (corr)"]
[EventRounds "10"]
[SourceTitle "Corr 2008"]
[Source "ChessBase"]
[SourceDate "2008.06.24"]
[SourceVersion "1"]
[SourceVersionDate "2008.06.24"]
[SourceQuality "1"]

1. e4 c5 2. Nf3 d6 3. d4 cxd4 4. Nxd4 Nf6 5. Nc3 a6 6. Bg5 e6 7. f4 Nc6 8. e5 h6 9. Bh4 g5 10. fxg5 Nd5 11. Nxd5 exd5 12. exd6 Qxd6 13. Qe2+ Be7 14. Nxc6 bxc6 15. Bg3 Qg6 16. Qe5 Rg8 17. gxh6 Qxc2 18. Be2 Rg5 19. Qh8+ Kd7 20. Qd4 a5 21. Bd3 Qc5 22. Qxc5 Bxc5 23. Rf1 Bb4+ 24. Kd1 1-0

[Event "IECG C1.1999.0.00244"]
[Site "IECG email"]
[Date "1999.11.15"]
[Round "?"]
[White "Jakobsons, Andris"]
[Black "Avron, David"]
[Result "1-0"]
[WhiteElo "1500"]
[BlackElo "2050"]
[PlyCount "53"]
[EventDate "1999.11.15"]
[EventType "tourn (corr)"]
[EventRounds "6"]
[SourceTitle "Corr 2008"]
[Source "ChessBase"]
[SourceDate "2008.06.24"]
[SourceVersion "1"]
[SourceVersionDate "2008.06.24"]
[SourceQuality "1"]

1. e4 c5 2. Nf3 Nc6 3. d4 cxd4 4. Nxd4 Nf6 5. Nc3 e5 6. Ndb5 d6 7. Nd5 Nxd5 8. exd5 Ne7 9. c4 Ng6 10. Be3 a6 11. Nc3 Be7 12. Bd3 Bg5 13. Bxg5 Qxg5 14. Ne4 Qe7 15. Qa4+ Kf8 16. Qa3 Bf5 17. g3 Bxe4 18. Bxe4 Rc8 19. Rc1 Qc7 20. 0-0 Qc5 21. b4 Qd4 22. Bf5 Rd8 23. Qa5 Ke8 24. Rfd1 Qa7 25. c5 Ne7 26. Bh3 dxc5 27. bxc5 1-0